00000000nam##2200000za#4500
0019.674668
003CaOODSP
00520210624224848
007cr |||||||||||
008150407|2006||||xxc|||||o    f|0| 0 fre|d
040 |aCaOODSP|bfre
041 |aeng
041 |afre
043 |an-cn---
0861 |aH41-1/2006-PDF
1101 |aCanada. |bSanté Canada.
24510|aCodification administrative - Règlement sur les aliments et drogues, C.R.C., ch. 870 |h[ressource électronique]
260 |aOttawa - Ontario : |bSanté Canada |c[2008?].
300 |a1139p.
69107|aLégislation|2gcpds
69107|aAliment|2gcpds
69107|aAmendement|2gcpds
69107|aLoi sur les médicaments|2gcpds
791 |tOffice Consolidation - Food and Drug Regulations, C.R.C., c. 870 |eeng|w(CaOODSP)9.674667
85640|ahttp://publications.gc.ca|qPDF|s3082 Ko|uhttps://publications.gc.ca/collections/collection_2008/hc-sc/H41-1-2006.pdf